Longs Métrages d'animation par extraits en 20 clics #5 - Statistiques

Statistiques générales
  • Ce quiz a été pris 106 fois
  • Le résultat moyen est 16 sur 20
Statistiques - réponses
Hint Réponse % Correct
Bambi
98%
La Ferme en folie
96%
Le Grinch
95%
La Famille Addams
93%
La Pat' Patrouille : Le Film
93%
Les Razmoket, le film
90%
Le Petit Prince
89%
Blondine au pays de l'arc-en-ciel
88%
Mon Voisin Totoro
88%
Cigognes et compagnie
84%
Le Journal d'Anne Frank
80%
Sherlock Gnomes
77%
Le Tombeau des lucioles
76%
Le Magasin des suicides
73%
Doctor Strange
70%
Ninja Scroll
65%
Tygra, la glace et le feu
65%
Brisby et le Secret de NIMH
60%
Cool World
49%
Un lutin à Central Park
49%
Aucun quiz correspondant
Distribution des résultats
% des personnes avec chaque résultat
Percentile par nombre de réponses
Votre historique - résultats
Vous n’avez pas pris ce quiz